| 000 | 003900000a22001090004500 | ||
|---|---|---|---|
| 090 |
_aAS _bSeriadas |
||
| 245 | 1 | 0 | _aNew species of frog from northeastern Colombia (genus Eleutherodactylus: Leptodactylidae) |
| 041 | 0 | _aInglés | |
| 100 | 1 |
_aLynch, John D. _992907 |
|
| 942 | _cARTICULO | ||
| 773 | 1 |
_tRevista de Academia Colombiana de Ciencias Exactas, Físicas y Naturales _h103 _q287-289 _d2003 _g27 |
|
| 999 |
_c15529 _d15529 |
||